[Event "TCh-LTU 2013"]
[Site "Vilnius LTU"]
[Date "2013.03.10"]
[Round "6.3"]
[White "Pultinevicius,Paulius"]
[Black "Jonusevicius,A"]
[Result "1-0"]
[WhiteElo "1829"]
[BlackElo "2017"]

1.Nf3 d5 2.g3 Nf6 3.c4 d4 4.d3 c5 5.Bg2 Nc6 6.Nbd2 e5 7.a3 a5 8.Qa4 Bd7 9.O-O Bd6
10.Ng5 O-O 11.Nge4 Nxe4 12.Nxe4 Be7 13.Nd2 Kh8 14.Qc2 f5 15.Bd5 Qc7 16.Nf3 f4
17.Kg2 Bd6 18.Ng5 Nd8 19.Bd2 Bg4 20.Rae1 Be7 21.Nf3 Ra6 22.h4 Nf7 23.Rh1 Nh6
24.Qb3 Bc8 25.Ng5 Rg6 26.Be4 Bf5 27.Qxb7 Bxe4+ 28.Qxe4 Bxg5 29.hxg5 Rxg5
30.Qd5 Ng4 31.b4 axb4 32.axb4 cxb4 33.Bxb4 Nf6 34.Qd6 Qb7+ 35.Kg1 Rb8 36.Bd2 Re8
37.Qc5 Rg6 38.Rh3 Qd7 39.Kg2 fxg3 40.f3 Qf5 41.Reh1 h6 42.Qb5 Kh7 43.Qb7 e4
44.dxe4 Rxe4 45.Rxh6+ Rxh6 46.Rxh6+ Kg8 47.Qa8+ Ne8 48.fxe4 Qf2+ 49.Kh3 Qh2+
50.Kg4 gxh6 51.Qxe8+ Kg7 52.Qe7+ Kg8 53.Qe6+ Kg7 54.Qxh6+ Kf7 55.Qf4+ Kg8
56.Qxg3 Qxe2+ 57.Kf5+ Kf7 58.Qg6+ Ke7 59.Bb4+ Kd7 60.Qe6+ Kc7 61.Ba5+ Kb7
62.Qb6+ Ka8  1-0

[Event "FIDE Women's World Teams"]
[Site "Astana KAZ"]
[Date "2013.03.11"]
[Round "8.3"]
[White "Gomes,Mary"]
[Black "Galliamova,A"]
[Result "1-0"]
[WhiteElo "2387"]
[BlackElo "2459"]

1.Nf3 d5 2.g3 c6 3.Bg2 Bf5 4.d3 e6 5.Nbd2 Nf6 6.b3 Be7 7.Bb2 h6 8.O-O O-O
9.Qe1 Bh7 10.e4 a5 11.a3 c5 12.a4 Nc6 13.Qe2 Qc7 14.Rae1 Rad8 15.exd5 exd5
16.Nb1 Qc8 17.Na3 Rfe8 18.Qd1 Nd7 19.Nb5 Nb6 20.Re2 Bf8 21.Rfe1 Rxe2 22.Qxe2 Nb4
23.Be5 Re8 24.Qd2 Nd7 25.Bc7 b6 26.Bh3 f5 27.Nh4 Rxe1+ 28.Qxe1 Nf6 29.Qe5 Ng4
30.Qe2 c4 31.bxc4 dxc4 32.d4 Nd5 33.Qxc4 Qe6 34.Bxg4 fxg4 35.Be5 g5 36.Ng2 Qf7
37.Qe2 Nb4 38.Ne3 h5 39.Bc7 Qe6 40.Qc4 Qxc4 41.Nxc4 Nd5 42.c3 Bd3 43.Nxb6 Bxb5
44.Nxd5 Bxa4 45.Bxa5 Kf7 46.Bd8 Bb3 47.Ne3 Ba3 48.Kf1 Bb2 49.Ba5 Bc1 50.Ke2 Ke6
51.Kd3 Ba2 52.c4 Bb1+ 53.Kc3 Bxe3 54.fxe3 Kf5 55.d5 Ke5 56.Bc7+ Kf6 57.Kd4  1-0

[Event "FIDE Women's World Teams"]
[Site "Astana KAZ"]
[Date "2013.03.11"]
[Round "8.2"]
[White "Krush,I"]
[Black "Ushenina,A"]
[Result "1-0"]
[WhiteElo "2448"]
[BlackElo "2477"]

1.Nf3 d5 2.g3 c6 3.Bg2 Bg4 4.d3 Nd7 5.h3 Bh5 6.Nbd2 e6 7.O-O Bd6 8.b3 Ne7
9.Bb2 O-O 10.Qe1 e5 11.e4 Re8 12.Nh4 f6 13.f4 Qc7 14.g4 Bf7 15.f5 h6 16.Nhf3 Bc5+
17.Kh1 Qb6 18.h4 Be3 19.g5 Bh5 20.gxf6 gxf6 21.Ng1 Kh7 22.Bc1 Bd4 23.Rb1 dxe4
24.dxe4 Ng8 25.Ne2 Bc5 26.Nc4 Qc7 27.b4 Bf8 28.a3 Bf7 29.Ne3 a5 30.Rg1 axb4
31.axb4 Re7 32.Bf3 Be8 33.Ng3 Rg7 34.Bh5 Qd8 35.Bd2 Qe7 36.Qe2 b5 37.Rg2 Nb6
38.Rbg1 Ra7 39.Bxe8 Qxe8 40.Nh5 Rxg2 41.Qxg2  1-0

[Event "FIDE Women's World Teams"]
[Site "Astana KAZ"]
[Date "2013.03.11"]
[Round "8.2"]
[White "Khotenashvili,B"]
[Black "Cosma,E"]
[Result "1-0"]
[WhiteElo "2499"]
[BlackElo "2336"]

1.Nf3 d5 2.g3 Nf6 3.Bg2 e6 4.O-O Nbd7 5.d4 b5 6.a4 b4 7.Nbd2 Bb7 8.a5 Rc8
9.c4 bxc3 10.bxc3 Be7 11.e4 Nxe4 12.Nxe4 dxe4 13.Nd2 Nf6 14.Qe2 c5 15.Nxe4 Bxe4
16.Bxe4 Nxe4 17.Qxe4 cxd4 18.cxd4 O-O 19.a6 Rc4 20.Be3 Bf6 21.Rfd1 Qd7 22.Rac1 Ra4
23.Qb7 Qd6 24.Rc6 Qd5 25.Rc8 Rxc8 26.Qxc8+ Bd8 27.Rc1 h6 28.h4 Ra2 29.Kh2 Kh7
30.Qb7 Bb6 31.Qxf7 Rxa6 32.Bxh6 Qxd4 33.Be3 Qe5 34.Bg5 Ra2 35.Qh5+  1-0

[Event "47th Begonia Open"]
[Site "Ballarat AUS"]
[Date "2013.03.11"]
[Round "6"]
[White "Hacche,D"]
[Black "Liu,Yi"]
[Result "0-1"]
[WhiteElo "2071"]
[BlackElo "2158"]

1.Nf3 d5 2.g3 Bg4 3.Bg2 Nd7 4.c4 c6 5.cxd5 cxd5 6.Nc3 e6 7.O-O Ngf6 8.d3 Bd6
9.e4 O-O 10.Qe1 Rc8 11.Nb5 Bb8 12.Bg5 h6 13.Be3 a6 14.Na3 Qe7 15.exd5 Nxd5
16.d4 b5 17.Nd2 N7f6 18.Nb3 b4 19.Nb1 Rc2 20.N1d2 Ba7 21.Rb1 Bb6 22.Na1 Rc7
23.Rc1 Rfc8 24.Rxc7 Rxc7 25.h3 Bh5 26.g4 Bg6 27.Qe2 Qd7 28.Re1 Qa4 29.Nc4 Qxa2
30.Ne5 Bb1 31.Qd1 Qxa1 32.Qxb1 Qxb1 33.Rxb1 Nxe3 34.fxe3 Ne8 35.Bd5 exd5
36.Nd3 a5 37.Nf4 Rd7 38.Rc1 g5 39.Nd3 Rc7 40.Rxc7 Bxc7 41.b3 Kg7 42.Kf2 f5
43.Kf3 Kg6 44.Nb2 h5 45.Na4 fxg4+ 46.hxg4 h4 47.Nc5 Bd6 48.Na4 Kf6 49.Kg2 Ke6
50.Nb2 Kd7 51.Na4 Kc6 52.Nb2 Kb5 53.Kf3 Bg3 54.Na4 Bd6 55.Nb2 h3 56.Na4 h2
57.Kg2 Bg3 58.Nb2 Bf2 59.Kxh2 Bxe3 60.Kg2 Bxd4 61.Na4 Kc6 62.Kf3 Kd6 63.Ke2 Ke6
64.Kd2 Ke5 65.Kd3 Ba7  0-1

[Event "Karpos Open 2013"]
[Site "Skopje MKD"]
[Date "2013.03.11"]
[Round "4.6"]
[White "Berkes,F"]
[Black "Stefanova,A"]
[Result "1-0"]
[WhiteElo "2702"]
[BlackElo "2530"]

1.Nf3 d5 2.g3 Nc6 3.d4 Bf5 4.Bg2 Nb4 5.Na3 c6 6.c3 Na6 7.Qb3 Qc8 8.Nh4 Be6
9.O-O Nf6 10.Nb1 g6 11.Nf3 Ne4 12.Nbd2 Bg7 13.Qa3 Nd6 14.Re1 Bf5 15.Nh4 Bh3
16.e4 Bxg2 17.Nxg2 Nb5 18.Qb3 dxe4 19.Nxe4 O-O 20.Bg5 Re8 21.h4 Nbc7 22.Re2 Ne6
23.Rae1 Qd7 24.Bc1 Nac7 25.Ne3 b5 26.h5 a5 27.Qd1 Nd5 28.h6 Nxe3 29.Bxe3 Bf8
30.Bc1 Qd5 31.a4 Red8 32.g4 c5 33.Nxc5 Nxc5 34.Re5 Qd7 35.Rxc5 bxa4 36.Ree5 f6
37.Red5 Qxd5 38.Rxd5 Rxd5 39.Qxa4 Rad8 40.Be3 g5 41.c4 Rxd4 42.Bxd4 Rxd4
43.Qxa5 Rxg4+ 44.Kf1 e6 45.Qb5 Rh4 46.c5 Rxh6 47.c6 Rh1+ 48.Kg2 Rc1 49.Qb7 Bd6
50.Qc8+  1-0

[Event "ch-CRO w 2013"]
[Site "Rijeka CRO"]
[Date "2013.03.12"]
[Round "5"]
[White "Franciskovic,B"]
[Black "Ivekovic,T"]
[Result "1-0"]
[WhiteElo "2245"]
[BlackElo "1977"]

1.Nf3 d5 2.g3 Nf6 3.Bg2 c5 4.O-O Nc6 5.d4 Bf5 6.c4 dxc4 7.Qa4 Qb6 8.Ne5 cxd4
9.Na3 Be4 10.Naxc4 Qc5 11.Nd3 Bxd3 12.exd3 Nd7 13.b4 Qf5 14.Bxc6 bxc6 15.Qxc6 Rd8
16.Bf4 Qf6 17.Qa4 e6 18.Rac1 Be7 19.Bc7 O-O 20.Bxd8 Rxd8 21.a3 Qf3 22.Qxa7 Bg5
23.Rcd1 e5 24.Qc7 e4 25.dxe4 d3 26.b5 h5 27.e5 h4 28.Qc6 Qg4 29.Rxd3  1-0

[Event "Karpos Open 2013"]
[Site "Skopje MKD"]
[Date "2013.03.13"]
[Round "6.81"]
[White "Stoilkovski,J"]
[Black "Spirliadis,A"]
[Result "0-1"]
[WhiteElo "1862"]
[BlackElo "2076"]

1.Nf3 d5 2.g3 Nf6 3.Bg2 c6 4.b3 g6 5.Bb2 Bg7 6.O-O O-O 7.d3 Bg4 8.Nbd2 Qc8
9.Re1 Bh3 10.e3 Bxg2 11.Kxg2 Nbd7 12.e4 e6 13.e5 Ne8 14.Rb1 Nc7 15.Ba3 Re8
16.c4 c5 17.Bb2 a5 18.a4 Na6 19.Bc3 Qc7 20.d4 cxd4 21.Bxd4 Nb4 22.Re3 Nc6
23.cxd5 exd5 24.Rc1 Qb8 25.Rd3 Nb4 26.Rdc3 Na2 27.Rc7 Nxc1 28.Rxd7 Nd3 29.Ng5 Nxe5
30.Bxe5 Rxe5 31.Ndf3 Rf5 32.g4 Qc8 33.Re7 Rxg5 34.Nxg5 Bf6 35.Qxd5 Qc6 36.Qxc6 bxc6
37.Rxf7 Bxg5  0-1

[Event "Karpos Open 2013"]
[Site "Skopje MKD"]
[Date "2013.03.14"]
[Round "7.57"]
[White "Piskur,M"]
[Black "Hristovski,S"]
[Result "1-0"]
[WhiteElo "2301"]
[BlackElo "2122"]

1.Nf3 d5 2.g3 c5 3.Bg2 Nc6 4.O-O Nf6 5.d3 e6 6.Nbd2 Be7 7.e4 O-O 8.e5 Nd7
9.Re1 Qc7 10.Qe2 Nb4 11.Nf1 d4 12.h4 Nd5 13.N1h2 Re8 14.Ng5 Nf8 15.Qh5 Bxg5
16.Bxg5 Bd7 17.Ng4 Bc6 18.Nf6+ Nxf6 19.exf6 Bxg2 20.Kxg2 e5 21.Re4 Qc6 22.Qf3 Re6
23.h5 Nd7 24.fxg7 f6 25.Bd2 Kxg7 26.Qf5 Rh8 27.Kg1 Kf7 28.Rae1 Ree8 29.h6 Qe6
30.Qh5+ Ke7 31.Rg4 Ref8 32.Rg7+ Rf7 33.f4 Rf8 34.b3 Kd6 35.Re4 Qe7 36.Rxf7 Rxf7
37.f5 Rf8 38.Rg4 Rf7 39.Qh1 Nb6 40.Qf3 Nd5 41.Rg8 Qd7 42.g4 Ne7 43.Rh8 Nd5
44.Kf2 Qe7 45.Ra8 a6 46.Qh1 Rf8 47.Rxf8 Qxf8 48.a4 Qe7 49.Ke2 Qd7 50.a5 Qc6
51.Qe4 Qd7 52.Kd1 Qd8 53.Ke2 Qg8 54.Kf3 Qd8 55.Kg3 Qf8 56.Kh4 Qf7 57.Qg2 Ne7
58.Qf3 Nd5 59.Qe4 Ne7 60.Qg2 Qd5 61.Kg3 Qf7 62.Kh4 Qd5 63.Kh3 Qxg2+ 64.Kxg2 Kd5
65.Kf3 Nc6 66.Be1 Ne7 67.Bh4 Ng8 68.g5 Ne7 69.g6 Nxf5 70.Bxf6 Nxh6 71.gxh7  1-0

[Event "83rd ch-URU 2013"]
[Site "Montevideo URU"]
[Date "2013.03.15"]
[Round "7.1"]
[White "Roselli Mailhe,B"]
[Black "Ruggiero,A"]
[Result "1-0"]
[WhiteElo "2443"]
[BlackElo "1983"]

1.Nf3 d5 2.g3 c6 3.Bg2 Bf5 4.d3 h6 5.O-O Nf6 6.c4 e6 7.Nc3 Be7 8.Nd4 Bh7
9.cxd5 exd5 10.e4 dxe4 11.dxe4 Bc5 12.Be3 O-O 13.Ne6 Qxd1 14.Raxd1 fxe6 15.Bxc5 Re8
16.f3 Na6 17.Be3 Re7 18.Rf2 b6 19.Rfd2 Rc8 20.Rd8+ Rxd8 21.Rxd8+ Re8 22.Rd6 Nb8
23.a4 Bg6 24.b4 Kf8 25.Bh3 Bf7 26.a5 Nfd7 27.f4 Ke7 28.e5 Rc8 29.Na4 c5 30.axb6 axb6
31.b5 Rc7 32.Nxb6 Nxb6 33.Rxb6 Nd7 34.Rc6 Rb7 35.Bf1 Bg6 36.Bc4 Bf5 37.Kf2 Kd8
38.Kf3 h5 39.Bxc5 Nxc5 40.Rxc5 Rc7 41.Rxc7 Kxc7 42.Ke3 Kb6 43.Kd4 Bg4 44.Bd3 Bf3
45.Kc4 h4 46.Kb4 Bg4 47.Bg6 hxg3 48.hxg3 Bh3 49.f5 exf5 50.e6 Bf1 51.e7 Bxb5
52.e8=Q Bxe8 53.Bxe8 g5 54.Bg6 f4 55.g4 Kc6 56.Kc4 Kd6 57.Kd4 Ke6 58.Be4 Kd6
59.Bd5  1-0

[Event "13th European Seniors"]
[Site "Plovdiv BUL"]
[Date "2013.03.15"]
[Round "5"]
[White "Berkovich,M"]
[Black "Lederman,L"]
[Result "1-0"]
[WhiteElo "2354"]
[BlackElo "2243"]

1.Nf3 d5 2.g3 Nf6 3.Bg2 c6 4.O-O Bf5 5.d3 h6 6.c4 e6 7.cxd5 exd5 8.Nc3 Be7
9.Nd4 Bc8 10.e4 O-O 11.e5 Ne8 12.Qh5 Nc7 13.Nf5 Bxf5 14.Qxf5 Ne6 15.Qg4 Nd7
16.d4 Qb6 17.Be3 Rae8 18.Rad1 f5 19.Qg6 Bg5 20.f4 Nxe5 21.dxe5 Qxe3+ 22.Kh1 Bd8
23.Rf3 Qb6 24.Bh3 Rf7 25.Bxf5 Nf8 26.Qh5 Be7 27.e6  1-0

[Event "Karpos Open 2013"]
[Site "Skopje MKD"]
[Date "2013.03.15"]
[Round "8.88"]
[White "Ilic,SloR"]
[Black "Aksoy,Ayca"]
[Result "1/2-1/2"]
[WhiteElo "2052"]
[BlackElo "1707"]

1.Nf3 d5 2.g3 c6 3.Bg2 Bg4 4.O-O Nd7 5.d3 Ngf6 6.Nbd2 e5 7.h3 Bh5 8.e4 dxe4
9.dxe4 Bc5 10.Qe1 O-O 11.b3 Re8 12.Bb2 Qc7 13.g4 Bg6 14.Nh4 Rad8 15.Nxg6 hxg6
16.Nf3 Nh7 17.b4 Bb6 18.c4 a5 19.a3 Ndf8 20.c5 Ba7 21.Qc3 Ne6 22.Rfe1 Nf4
23.Bf1 Re7 24.Rad1 Rde8 25.Rd2 Kf8 26.Red1 Nf6 27.Qe3 Bb8 28.Ng5 Kg8 29.Bc4 Kf8
30.Qg3 b5 31.Qh4 Kg8 32.Bb3 a4 33.Ba2 Qc8 34.f3 Bc7 35.Kf1 Bb8 36.Qg3 Bc7
37.h4 Bb8 38.Nh3 Nxh3 39.Qxh3 Nh5 40.Qh2 Nf4 41.Bc3 Kh7 42.Kf2 Rf8 43.h5 g5
44.Ke3 Bc7  1/2-1/2

[Event "Karpos Open 2013"]
[Site "Skopje MKD"]
[Date "2013.03.15"]
[Round "8.78"]
[White "Arizanov,T"]
[Black "Golubovic,Tomislav"]
[Result "1-0"]
[WhiteElo "2099"]
[BlackElo "1876"]

1.Nf3 d5 2.g3 Nf6 3.Bg2 c6 4.O-O Bf5 5.d3 h6 6.b3 Nbd7 7.c4 e6 8.Na3 Qa5
9.Nc2 Be7 10.Bd2 Qc7 11.Rb1 O-O 12.Nfe1 Rad8 13.Qc1 Rfe8 14.Ne3 dxc4 15.Nxf5 exf5
16.bxc4 Bd6 17.e3 Nc5 18.Bb4 Ng4 19.Qa3 b6 20.d4 Ne4 21.Bxd6 Nxd6 22.Qa4 Ne4
23.Qc2 Ngxf2 24.Rxf2 Nxf2 25.Qxf2 c5 26.Bd5 Qe7 27.Ng2 g6 28.Re1 Kg7 29.Rf1 cxd4
30.exd4 Qb4 31.g4 Re7 32.gxf5 Red7 33.fxg6 fxg6 34.Qf6+ Kh7 35.Nf4  1-0

[Event "Karpos Open 2013"]
[Site "Skopje MKD"]
[Date "2013.03.15"]
[Round "8.43"]
[White "Tosic,M"]
[Black "Cherednichenko,E"]
[Result "1-0"]
[WhiteElo "2408"]
[BlackElo "2175"]

1.Nf3 d5 2.g3 Nf6 3.Bg2 Bf5 4.b3 e6 5.Bb2 h6 6.c4 c6 7.d3 Be7 8.Nbd2 O-O
9.O-O a5 10.a3 Na6 11.Qc2 Bh7 12.Bc3 Rc8 13.Qb2 Nc5 14.Rfc1 Ne8 15.Bd4 b5
16.Qc2 Nf6 17.b4 Nb7 18.c5 a4 19.e4 Nd7 20.exd5 exd5 21.Bh3 Ra8 22.Qc3 Bf6
23.Re1 Qc7 24.Re3 Bxd4 25.Qxd4 Rfe8 26.Rae1 Rxe3 27.Rxe3 Nf6  1-0

[Event "Bundesliga 2012-13"]
[Site "Hamburg GER"]
[Date "2013.03.16"]
[Round "11"]
[White "Michna,Mart"]
[Black "Saric,Iv"]
[Result "0-1"]
[WhiteElo "2383"]
[BlackElo "2625"]

1.Nf3 d5 2.g3 g6 3.Bg2 Bg7 4.O-O e5 5.d3 Nc6 6.e4 Nge7 7.c3 d4 8.a4 b6 9.Na3 O-O
10.Qc2 Bg4 11.h3 Bxf3 12.Bxf3 Qd7 13.h4 Rad8 14.Rd1 Kh8 15.Kg2 h5 16.Qe2 Na5
17.Qc2 Nec6 18.Be2 Qe6 19.Nb5 Rd7 20.cxd4 exd4 21.Bf3 Nb4 22.Qe2 c5 23.Bd2 Nb3
24.Rab1 Nxd2 25.Qxd2 Qb3 26.Na3 Qxa4 27.g4 hxg4 28.Bxg4 f5 29.exf5 Qc6+ 30.Bf3 Qf6
31.Qg5 Qxg5+ 32.hxg5 Rxf5 33.Bg4 Rxg5 34.Kg3 Re7 35.Nc4 b5 36.Na3 a6 37.Rbc1 Be5+
38.f4 Bd6  0-1

[Event "Bundesliga 2012-13"]
[Site "Muelheim GER"]
[Date "2013.03.16"]
[Round "11"]
[White "Thiede,L"]
[Black "Hausrath,D"]
[Result "1-0"]
[WhiteElo "2441"]
[BlackElo "2484"]

1.Nf3 d5 2.g3 Nf6 3.Bg2 e6 4.O-O Be7 5.b3 O-O 6.Bb2 c5 7.c4 Nc6 8.e3 b6 9.Nc3 Bb7
10.cxd5 Nxd5 11.Nxd5 Qxd5 12.d4 Qf5 13.Ne5 Nxe5 14.Bxb7 Rad8 15.Qe2 cxd4
16.Bxd4 Bf6 17.Rad1 Nd7 18.b4 Bxd4 19.Rxd4 e5 20.Rd2 Nf6 21.Rfd1 Rxd2 22.Qxd2 e4
23.Qe2 Qh3 24.Rd4 Ng4 25.Bxe4 Qxh2+ 26.Kf1 Qh5 27.Qxg4 Qxg4 28.Bxh7+ Kxh7
29.Rxg4 Rc8 30.b5 Rc1+ 31.Kg2 Rc5 32.Rb4 f6 33.Kf3 Kg6 34.g4 Kf7 35.Ke4 Ke6
36.f4 g6 37.Kd4 Rd5+ 38.Kc4 Rc5+ 39.Kb3 Rd5 40.Re4+ Kf7 41.a4 Rd3+ 42.Kc4 Rd8
43.Rd4 Rc8+ 44.Kd3 Rc7 45.Rc4 Rd7+ 46.Ke4 Ke7 47.Rc6 Kf7 48.g5 f5+ 49.Ke5 Re7+
50.Kd5 Rd7+ 51.Rd6 Ke7 52.Rxd7+ Kxd7 53.e4 fxe4 54.Kxe4 Ke6 55.f5+  1-0

[Event "Karpos Open 2013"]
[Site "Skopje MKD"]
[Date "2013.03.16"]
[Round "9.33"]
[White "Jacimovic,D"]
[Black "Posedaru,B"]
[Result "1/2-1/2"]
[WhiteElo "2433"]
[BlackElo "2337"]

1.Nf3 d5 2.g3 Bg4 3.Bg2 Nd7 4.d4 e6 5.O-O Ngf6 6.c4 c6 7.Nbd2 Be7 8.Re1 O-O
9.b3 a5 10.a3 c5 11.Ne5 Bh5 12.Bb2 cxd4 13.Nxd7 Qxd7 14.Bxd4 dxc4 15.Nxc4 Rad8
16.Bb6 Qxd1 17.Raxd1 Rxd1 18.Rxd1 Bxe2 19.Rd2 Bxc4 20.bxc4 Rc8 21.c5 Nd5
22.Bxd5 exd5 23.Rxd5 Kf8 24.Kf1 a4 25.Ke2 Bf6 26.Kd2 Ke7 27.Kc2 Ke6 28.Rd6+ Ke7
29.f4 h5 30.h3 g6 31.Rd3 Ke6 32.Rd6+ Ke7 33.Rd3 Rc6 34.Bd8+ Ke6 35.Bxf6 Kxf6
36.Rd5 b6 37.Kd3 bxc5 38.Kc4 Rb6 39.g4 hxg4 40.hxg4 Rb3 41.g5+ Ke7 42.Re5+ Kf8
43.Kxc5 Rxa3 44.Re4 Ra1 45.Kb4 f6 46.Re6 fxg5 47.Rxg6  1/2-1/2

[Event "TCh-CZE Div1 Zapad 2012-13"]
[Site "Czech Republic CZE"]
[Date "2013.03.17"]
[Round "9.5"]
[White "Neckar,L"]
[Black "Vichnar,D"]
[Result "1-0"]
[WhiteElo "2360"]
[BlackElo "2233"]

1.Nf3 d5 2.g3 Nf6 3.Bg2 Bf5 4.O-O e6 5.d3 Be7 6.Nfd2 O-O 7.e4 Bg6 8.Nc3 c6
9.Qe2 Na6 10.f4 Qb6+ 11.Kh1 Bh5 12.Nf3 Rfd8 13.e5 Nd7 14.Nd1 c5 15.Ne3 d4
16.g4 Bg6 17.Nc4 Qc7 18.Nfd2 h6 19.f5 Bh7 20.Ne4 exf5 21.gxf5 b5 22.f6 gxf6
23.exf6 Bf8 24.Bf4 Qc8 25.Ncd6 Qc6 26.Nxf7 Bxe4 27.Bxe4  1-0

[Event "TCh-CZE Div1 Vychod 2012-13"]
[Site "Czech Republic CZE"]
[Date "2013.03.17"]
[Round "9.4"]
[White "Mojzis,Jar"]
[Black "Buchnicek,P"]
[Result "1/2-1/2"]
[WhiteElo "2163"]
[BlackElo "2352"]

1.Nf3 d5 2.g3 c6 3.Bg2 Bg4 4.O-O Nd7 5.d4 e6 6.c4 Ngf6 7.Qb3 Qb6 8.Nc3 Qxb3
9.axb3 Be7 10.Nd2 O-O 11.e4 dxe4 12.Ndxe4 Rfd8 13.h3 Bf5 14.Be3 a6 15.Rfd1 Nxe4
16.Nxe4 Nf6 17.f3 Rd7 18.g4 Bg6 19.g5  1/2-1/2

[Event "29th Spring Festival"]
[Site "Budapest HUN"]
[Date "2013.03.18"]
[Round "1.9"]
[White "Keschitz,G"]
[Black "Kun,J"]
[Result "1-0"]
[WhiteElo "2223"]
[BlackElo "1859"]

1.Nf3 d5 2.g3 Nf6 3.Bg2 c6 4.d3 Bg4 5.b3 e6 6.Bb2 Nbd7 7.Nbd2 Bb4 8.O-O O-O
9.a3 Ba5 10.c4 Re8 11.b4 Bc7 12.Qb3 e5 13.e4 d4 14.h3 Be6 15.Ng5 Nf8 16.Nxe6 Nxe6
17.c5 Nd7 18.Nc4 Qg5 19.Bc1 Qg6 20.Bd2 f6 21.f4 Qf7 22.f5 Nef8 23.Bf3 b5
24.cxb6 axb6 25.Rfc1 b5 26.Na5 Bxa5 27.Qxf7+ Kxf7 28.bxa5 c5 29.Bd1 Ke7 30.Bb3 Kd6
31.Bd5 Ra7 32.Rab1 Rb8 33.Rb2 Rc7 34.Rcb1 b4 35.axb4 cxb4 36.Bxb4+ Rxb4 37.Rxb4 Nc5
38.Rb6+ Ke7 39.Rc6 Kd7 40.Rxc7+ Kxc7 41.Bc4 Nfd7 42.a6 Nb6 43.a7 Nca4 44.Bd5 Nc3
45.Rxb6  1-0

[Event "29th Spring Festival"]
[Site "Budapest HUN"]
[Date "2013.03.18"]
[Round "1.17"]
[White "Bodrogi,M"]
[Black "Kutschker,A"]
[Result "1-0"]
[WhiteElo "2076"]
[BlackElo "1778"]

1.Nf3 d5 2.g3 Nc6 3.Bg2 e5 4.d3 Be7 5.O-O f5 6.Nfd2 Nf6 7.c4 d4 8.Na3 O-O
9.Nc2 a5 10.Nf3 Bc5 11.e3 dxe3 12.Bxe3 Bxe3 13.Nxe3 Re8 14.Qd2 e4 15.dxe4 Nxe4
16.Qxd8 Rxd8 17.Nd5 Rd7 18.Rad1 Rf7 19.h4 Be6 20.Ng5 Nxg5 21.hxg5 Nd8 22.Rfe1 Kf8
23.g6 hxg6 24.Nf4 Rf6 25.Rxd8+ Rxd8 26.Nxe6+ Rxe6 27.Rxe6 Kf7 28.Bd5  1-0

[Event "13th European Seniors"]
[Site "Plovdiv BUL"]
[Date "2013.03.18"]
[Round "8"]
[White "Theting,H"]
[Black "Bauner,Jan"]
[Result "1-0"]
[WhiteElo "1978"]
[BlackElo "2054"]

1.Nf3 d5 2.g3 Nf6 3.Bg2 c6 4.O-O Nbd7 5.d3 g6 6.Nbd2 Bg7 7.e4 dxe4 8.dxe4 e5
9.Qe2 O-O 10.Nc4 Qc7 11.a4 b6 12.b3 Ba6 13.Bb2 Rfe8 14.Rfe1 h6 15.Nfd2 Nh7
16.Ba3 c5 17.h4 Nhf8 18.Qf3 Rad8 19.Rad1 Bb7 20.Qe2 Ne6 21.c3 Nb8 22.Ne3 Ba6
23.Ndc4 Nc6 24.Nd5 Qb8 25.Qf3 Bxc4 26.bxc4 Na5 27.Bf1 Nf8 28.Bc1 Nh7 29.Be3 Rd6
30.Rb1 Qd8 31.Qe2 Qd7 32.Kh2 Rf8 33.Qd2 h5 34.Bh3 Qd8 35.Qe2 Qe8 36.Red1 Kh8
37.Rd2 Qxa4 38.Bf1 Qd7 39.Rbd1 Qb7 40.g4 hxg4 41.Qxg4 f5 42.Qe2 f4 43.Nxf4 exf4
44.Rxd6 fxe3 45.Rd7 Qxe4 46.Qxe3 Be5+ 47.Kg1 Qg4+ 48.Bg2 Bf4 49.Qe7  1-0

[Event "81st ch-St Petersburg w"]
[Site "St Petersburg RUS"]
[Date "2013.03.18"]
[Round "8"]
[White "Chernyak,Viktoria"]
[Black "Skafar,Darya"]
[Result "1/2-1/2"]
[WhiteElo "1968"]
[BlackElo "1819"]

1.Nf3 d5 2.g3 Nf6 3.Bg2 e6 4.O-O c5 5.d4 Nc6 6.c4 dxc4 7.Qa4 Bd7 8.dxc5 Bxc5
9.Qxc4 Be7 10.Nc3 O-O 11.Rd1 a6 12.Bg5 b5 13.Qd3 Nb4 14.Qd2 Bc6 15.Qc1 Qb6
16.e4 Bb7 17.e5 Nfd5 18.Bxe7 Nxe7 19.a3 Nbd5 20.Ne4 Ng6 21.Qc2 Qc7 22.Qxc7 Nxc7
23.Nc5 Bd5 24.Rac1 Rac8 25.Re1 Rfe8 26.h4 h5 27.Rc3 a5 28.Ne4 Bxe4 29.Rxe4 Nd5
30.Rxc8 Rxc8 31.Nd4 Rc5 32.Bf3 Nc7 33.Bxh5 Nxe5 34.Nb3 Rd5 35.Nxa5 Nd3 36.Be2 Nxb2
37.Nc6 Rc5 38.Ne5 f5 39.Re3 Nd5 40.Rb3 Nc3 41.Bf3 Rxe5 42.Rxc3 Na4 43.Rb3 Rc5
44.Be2 Nc3 45.Bd3 Kf7 46.f4 Ke7 47.Kf2 Kd6 48.Ke3 Nd5+ 49.Kd4 Nc7 50.Ke3 Nd5+  1/2-1/2

[Event "81st ch-St Petersburg w"]
[Site "St Petersburg RUS"]
[Date "2013.03.18"]
[Round "8"]
[White "Kiseleva,A"]
[Black "Gudkina,Zhanna"]
[Result "1/2-1/2"]
[WhiteElo "1975"]
[BlackElo "1843"]

1.Nf3 d5 2.g3 Nf6 3.Bg2 e6 4.O-O Be7 5.d3 O-O 6.c4 c5 7.Nbd2 Nc6 8.a3 a6
9.b3 b5 10.Qc2 Qb6 11.Bb2 Rb8 12.Rab1 Rd8 13.Rfc1 Bb7 14.e3 Rbc8 15.Ne5 Nxe5
16.Bxe5 Ba8 17.cxb5 axb5 18.d4 Nd7 19.dxc5 Rxc5 20.Bc3 Qc7 21.b4 Rc6 22.Qb3 Nb6
23.Bb2 Nc4 24.Nxc4 dxc4 25.Qc2 Ra6 26.e4 Qb7 27.f4 Qa7+ 28.Kf1 Rad6 29.Rd1 Qe3
30.Rxd6 Rxd6 31.Re1 Qd3+ 32.Qxd3 Rxd3 33.Kf2 Rb3 34.Bc1 f6 35.e5 Bxg2 36.Kxg2 Kf7
37.Re3 Rxe3 38.Bxe3 fxe5 39.fxe5 Kg6 40.Bd4 Bg5 41.Kf3 Bc1 42.a4 bxa4 43.b5 Bd2
44.b6 Ba5 45.b7 Bc7 46.Ke4 a3 47.Bc3 Kf7 48.Kd4 Ke8 49.Kxc4 Kd7  1/2-1/2

[Event "AICF KIIT Cup 2013"]
[Site "Bhubaneswar IND"]
[Date "2013.03.19"]
[Round "4"]
[White "Gomes,Mary"]
[Black "Mohota,N"]
[Result "1/2-1/2"]
[WhiteElo "2387"]
[BlackElo "2325"]

1.Nf3 d5 2.g3 Nf6 3.Bg2 c6 4.d3 g6 5.O-O Bg7 6.Nbd2 O-O 7.e4 Na6 8.Qe2 Nc7
9.Re1 dxe4 10.dxe4 b6 11.c4 Ne6 12.Nb3 Qc7 13.e5 Nd7 14.Bd2 Bb7 15.Bc3 Ndc5
16.Nxc5 Nxc5 17.b3 Ne6 18.Nh4 Rad8 19.Rad1 Rxd1 20.Rxd1 Rd8 21.f4 c5 22.Bxb7 Qxb7
23.Rxd8+ Nxd8 24.Qd3 Nc6 25.Nf3 Qc8 26.Qd5 e6 27.Qd3 Qd8 28.Qxd8+ Nxd8 29.Ng5 Nc6
30.Ne4 Kf8 31.Kf2 Ke7 32.Ke3 h5 33.h3 Bf8 34.g4 hxg4 35.hxg4 Kd8 36.Ng5 Ke8
37.Ne4 Kd8 38.Ng5 Ke8 39.Ne4 Kd8  1/2-1/2

[Event "AICF KIIT Cup 2013"]
[Site "Bhubaneswar IND"]
[Date "2013.03.19"]
[Round "4"]
[White "Foisor,C"]
[Black "Paehtz,E"]
[Result "1-0"]
[WhiteElo "2401"]
[BlackElo "2487"]

1.g3 d5 2.Nf3 Nf6 3.Bg2 c6 4.d3 Bg4 5.Nbd2 e6 6.O-O Nbd7 7.Qe1 Be7 8.e4 dxe4
9.dxe4 e5 10.Nc4 Qc7 11.Ne3 Bxf3 12.Bxf3 O-O 13.Nf5 Bc5 14.b4 Bb6 15.Bg5 g6
16.Qd2 Kh8 17.Qd6 gxf5 18.Bxf6+ Kg8 19.Qd2 f4 20.Be7 Rfe8 21.Bd6 Qd8 22.Rad1 fxg3
23.hxg3 Qf6 24.Kg2 Rad8 25.c4 Nf8 26.c5 Bc7 27.Bg4 Ne6 28.Rh1 Bxd6 29.cxd6 Kg7
30.Rh5 Qg6 31.f3 h6 32.Rxe5 Rd7 33.Rf5 Red8 34.e5 Rh8 35.Rf6 Qh7 36.Bf5 Qg8
37.Rh1  1-0

[Event "29th Spring Festival"]
[Site "Budapest HUN"]
[Date "2013.03.20"]
[Round "3.13"]
[White "Bodrogi,M"]
[Black "Domanski,Lukasz"]
[Result "0-1"]
[WhiteElo "2076"]
[BlackElo "1594"]

1.Nf3 d5 2.g3 Nf6 3.Bg2 e6 4.O-O Bd6 5.c4 O-O 6.b3 c5 7.e3 Nc6 8.Bb2 b6 9.d3 Bb7
10.Nc3 a6 11.Qe2 d4 12.exd4 Nxd4 13.Nxd4 Bxg2 14.Kxg2 cxd4 15.Ne4 Nxe4 16.Qxe4 Bc5
17.Rae1 Qd6 18.Re2 Rfd8 19.a3 a5 20.Qf3 Rab8 21.Rc1 Rdc8 22.a4  0-1

[Event "81st ch-St Petersburg w"]
[Site "St Petersburg RUS"]
[Date "2013.03.20"]
[Round "10"]
[White "Chernyak,Viktoria"]
[Black "Balaian,Ali"]
[Result "1/2-1/2"]
[WhiteElo "1968"]
[BlackElo "2213"]

1.Nf3 d5 2.g3 Nc6 3.d4 Bg4 4.Bg2 Qd7 5.h3 Bf5 6.Bf4 f6 7.g4 Be4 8.Nc3 Bxf3
9.Bxf3 e5 10.Bg3 Nxd4 11.Bxd5 O-O-O 12.e3 Ne6 13.Be4 Qxd1+ 14.Rxd1 Rxd1+
15.Kxd1 g6 16.f4 exf4 17.exf4 Bd6 18.Ne2 Nc5 19.Bf3 Ne7 20.f5 Rd8 21.Kc1 gxf5
22.Bxd6 Rxd6 23.gxf5 Nd7 24.Rg1 Ne5 25.Be4 Rd7 26.Rg7 N7c6 27.Rg8+ Rd8 28.Rg7 Rd7
29.Rg8+ Rd8 30.Rg7 Rd7 31.Rg8+ Rd8  1/2-1/2

[Event "TCh-AUT 2012-13"]
[Site "St.Veit AUT"]
[Date "2013.03.21"]
[Round "8.1"]
[White "Rapport,R"]
[Black "Baramidze,D"]
[Result "1/2-1/2"]
[WhiteElo "2621"]
[BlackElo "2615"]

1.Nf3 d5 2.g3 c6 3.Bg2 Bg4 4.O-O Nd7 5.c4 Bxf3 6.Bxf3 Ne5 7.Qb3 Qb6 8.Bg2 Nxc4
9.Qa4 e6 10.e4 Qb4 11.Qc2 dxe4 12.Nc3 Nf6 13.Nxe4 Nxe4 14.Bxe4 Rd8 15.a3 Qc5
16.b4 Qd4 17.Ra2 Nd6 18.Bg2 Qc4 19.Qxc4 Nxc4 20.b5 cxb5 21.Bxb7 Kd7 22.Ba6 Nd6
23.d3 Be7 24.Be3 Ra8 25.Rb1 Rhb8 26.Rab2 Bd8 27.Bxb5+ Nxb5 28.Rxb5 Bc7 29.Rb7 Kc8
30.Rxb8+ Rxb8  1/2-1/2

[Event "29th Spring Festival"]
[Site "Budapest HUN"]
[Date "2013.03.22"]
[Round "5.5"]
[White "Keschitz,G"]
[Black "Piroska,I"]
[Result "1-0"]
[WhiteElo "2223"]
[BlackElo "2082"]

1.Nf3 d5 2.g3 Nf6 3.Bg2 e6 4.O-O c5 5.d3 Nc6 6.c3 Qc7 7.a4 Be7 8.Na3 a6 9.Re1 O-O
10.e4 dxe4 11.dxe4 e5 12.Bg5 Rd8 13.Qc2 h6 14.Bxf6 Bxf6 15.Bf1 Be6 16.Bc4 Bxc4
17.Nxc4 b5 18.Ne3 c4 19.Nd5 Qd6 20.Red1 Na5 21.Nb4 Qe6 22.axb5 Rxd1+ 23.Rxd1 axb5
24.Kg2 Rd8 25.Rd5 Rxd5 26.exd5 Qd6 27.Qf5 Nb3 28.Qc8+ Kh7 29.Qe8 Kg6 30.Qc6 Qb8
31.d6 Na5 32.Qe4+  1-0